000
00295nam a2200121Ia 4500
008
190722s9999 xx 000 0 und d
020
_a
978-93-325-5847-2
100
_a
Philip Kotler Gary
245
0
_a
Principles of Marketing
260
_a
India
_b
Pearson ED
_c
2016
300
_a
732
942
_c
BK
999
_c
546
_d
546